LEADER 01026naa a2200229 u 4500 001 000000095324 003 CaOOAMICUS 005 20070226130142.0 008 040625s1978 it u000 u ita u 035 $a11001964 040 $aIAR$bita 100 1 $aPrandi, Adriano,$d1900-1979.$0(OLS)http://pul/name/5012 245 10$aS. Bernardo e l'arte cistercense /$cAdriano Prandi. 246 11$aSan Bernardo e l'arte cistercense 260 $aRoma :$bMultigrafica,$c1978. 300 $aS. 213-233, :$bill., ;$c28 cm 600 04$aBernardus,$cs., abate di Clairvaux,$d1091-1153.$0(OLS)http://pul/subject/662 773 0 $aI Cistercensi e il Lazio. 773 0 $tI Cistercensi e il Lazio : atti delle giornate di studio dell'Istituto di Storia dell'Arte dell'Universitą di Roma, 17-21 maggio, 1977$w()5020 996 $6245$aS. Bernardo e l'arte cistercense$9(OLS)http://pul/title/122197 996 $6246$aSan Bernardo e l'arte cistercense$9(OLS)http://pul/title/122198 996 $6260$aRoma :$bMultigrafica$9(OLS)http://pul/publisher/49684 LEADER 01297nam a2200289 a 4500 001 000000147500 003 CaOOAMICUS 005 20151119111233.0 008 151119s2014 it u000 u ita r 020 $a978-88-343-2845-3* 032 $aLibriCat 040 $aPUL$bita 082 04$a923 245 00$aGiuseppe Toniolo :$bl'uomo come fine. Con saggi sulla storia dell'Istituto Giuseppe Toniolo di studi superiori /$ca cura di Aldo Carera. 260 $aMilano :$bVita e pensiero,$c©2014. 300 $aXXV, 552 p. ;$c24 cm. 504 $aBibliografia in nota. 600 14$aToniolo, Giuseppe,$d1845-1918.$0(OLS)http://pul/subject/9801 700 1 $aCarera, Aldo,$d1949-$0(OLS)http://pul/name/34690 850 $aPUL 852 $aPUL$W1$xSL Cons. Gen., Altre Classi 3$y75$m923 CARAL 1$j170462$qDDC 21$B171241$CPULBib$Z2$F171241 $H126447 $81 941 1 $a9 996 $6020$a978-88-343-2845-3*$9(OLS)http://pul/number/158955 996 $6082$a923$9(OLS)http://pul/classification/2848 996 $6245$aGiuseppe Toniolo :$bl'uomo come fine. Con saggi sulla storia dell'Istituto Giuseppe Toniolo di studi superiori$9(OLS)http://pul/title/186164 996 $6260$aMilano :$bVita e pensiero$9(OLS)http://pul/publisher/48016